| 000 | | | 04264cbm0a2200301#x 450 |
| 001 | | | f94d0043-dc3c-4a52-b71d-44ced2109ab3 |
| 005 | | | 20210727152439.0 |
| 100 | ## | $a | 20210712j19410620k###0rusy50 ca |
| 101 | 0# | $a | rus |
| 102 | ## | $a | JP |
| 122 | 0# | $a | d19410620## |
| 200 | 1# | $a | Шифртелеграмма из Токио в РУ Генштаба Красной армии о неизбежности войны между Германией и СССР |
| | $j | [20 июня 1941 г.] |
| 251 | ## | $c | Документ |
| 300 | ## | $a | Заверенная копия |
| 461 | #0 | $1 | 2001 |
| | $a | Ф. 23 |
| | $1 | 251 |
| | $c | Фонд |
| | $1 | 852 |
| | $j | 23 |
| 462 | #0 | $1 | 2001 |
| | $a | Оп. 24127 |
| | $1 | 251 |
| | $c | Опись |
| | $1 | 852 |
| | $j | 24127 |
| 462 | #0 | $1 | 2001 |
| | $a | Д. 2 |
| | $v | Л. 463 |
| | $1 | 251 |
| | $c | Дело |
| | $1 | 852 |
| | $j | 2 |
| 605 | ## | $2 | prlib_sh |
| | $3 | LIBNET\UAF\0000088514 |
| | $a | Вторая мировая война в архивных документах (Комплекс оцифрованных архивных документов, кино- и фотоматериалов) |
| | $l | коллекция |
| 617 | ## | $2 | prlib_sh |
| | $a | Германия |
| | $f | 1941 |
| 617 | ## | $2 | prlib_sh |
| | $a | СССР |
| | $f | 1941 |
| 617 | ## | $2 | prlib_sh |
| | $a | Япония |
| | $f | 1941 |
| 686 | ## | $a | 63.3(4Гем)62-6 |
| | $v | LBC/M |
| | $2 | rubbk |
| 686 | ## | $a | 63.3(2)62-6 |
| | $v | LBC/M |
| | $2 | rubbk |
| 801 | #0 | $a | RU |
| | $b | ПБ им. Б.Н. Ельцина |
| | $c | 20210712 |
| 801 | #1 | $a | RU |
| | $b | ПБ им. Б.Н. Ельцина |
| | $c | 20210712 |
| | $2 | rusmarc |
| 801 | #2 | $a | RU |
| | $b | ПБ им. Б.Н. Ельцина |
| | $c | 20210727 |
| | $2 | rusmarc |
| 850 | ## | $a | Центральный архив Министерства обороны Российской Федерации |
| 852 | ## | $a | ЦА МО РФ |
| | $j | Л. 463 |
| 035 | ## | $a | LIBNET\0001168500 |
| 937 | ## | $d | 166243988 |
| | $h | Федеральное архивное агентство |
| 856 | 4# | $u | http://readingroom.main.prlib.ru/item.aspx?id_node=n166243988&mode=full |